| 000 | 00692nam a2200217 a 4500 | ||
|---|---|---|---|
| 005 | 20140310183531.0 | ||
| 008 | 110819s19uu xx 00 eng d | ||
| 020 | _a9780521875189 | ||
| 050 |
_aHF 1378 _b.P378 2008 |
||
| 100 | _aPatterson, Dennis | ||
| 245 |
_aThe new global trading order : _bThe evolving state and the future of trade / _cDennis Patterson; Ari Afilalo. |
||
| 260 |
_aNew Nork : _bCambridge University Press, _c2008. |
||
| 300 |
_a270 p. : _bill. ; _c24 cm. |
||
| 521 | _aBSBA | ||
| 650 | _aInternational trade | ||
| 650 | _aInternational economic realations | ||
| 650 | _aInternational finance | ||
| 700 | _aAfilalo, Ari | ||
| 942 |
_cBK _2lcc _kFOR |
||
| 999 |
_c24627 _d24627 |
||